Curso de derecho minero (Registro nro. 34784)

Detalles MARC
000 -ENCABEZADO
Número de control [NR] 00570nam a2200181Ia 4500
008 - DE LONGITUD FIJA DE DATOS DE ELEMENTOS - INFORMACIÓN GENERAL
Elementos de longitud fija [NR] 130821s1990 ck gr spa
040 ## - FUENTE DE CATALOGACION [NR]
Agencia de catalogación original [NR] Co-BoUCM
Idioma de catalogación [NR] spa
041 00 - CODIGO DE IDIOMA [R]
Código de idioma para texto/pista de sonido o título separado [R] Español
100 1# - ASIENTO PRINCIPAL--NOMBRE PERSONAL [NR]
Nombre personal [NR] Aramburo Restrepo, José Luis
ID Autoridad 125909
245 00 - MENCION DE TITULO [NR]
Título [NR] Curso de derecho minero
Mención de responsabilidad, etc. [NR] José Luis Aramburo
250 ## - MENCION DE EDICION [NR]
Mención de edición [NR] 3a. ed.
260 ## - PUBLICACION, DISTRIBUCION, ETC. (PIE DE IMPRENTA) [R]
Lugar de publicación, distribución, etc. [R] Bogotá (Colombia)
Nombre del editor, distribuidor, etc. [R] Favila
Fecha de publicación, distribución, etc. [R] 1990
300 ## - DESCRIPCION FISICA [R]
Extensión [R] 375 páginas
650 04 - ASIENTO SECUNDARIO DE MATERIA - TERMINO TEMATICO [R]
Término temático o nombre geográfico como elemento de entrada [NR] Derecho minero
9 (RLIN) 12796
650 04 - ASIENTO SECUNDARIO DE MATERIA - TERMINO TEMATICO [R]
Término temático o nombre geográfico como elemento de entrada [NR] Derecho minero
Subdivisión general [R] Legislación
Subdivisión geográfica [R] Colombia
9 (RLIN) 103356
942 ## - ELEMENTOS DE ENTRADA AGREGADOS (KOHA)
Tipo de ítem principal el descrito en 300a Libro
Tema principal Derecho
Edición 3
Parte restante de la signatura top. A71
Sistema de clasificación DEWEY
Clasificación 348.3
Existencias
Fecha de último préstamo Total préstamos Total Renewals Signatura topográfica Código de barras Última vez visto Volúmen / Fascículo Ejemplar Price effective from Tipo de ítem Perdido Sistema de clasificación Dañado No prestable Tipo de ítem específico Suprimido Ubicación habitual Ubicación actual Localización Fecha de creación Forma de adquisición Costo Costo de reposición Proveedor
      348.3 A71 100166223 02/03/2020   Ej.1 02/03/2020 Libro   DEWEY     Libro   Bodega Bodega Préstamo 4 días después de solicitado 02/03/2020 Donación 0.00 26000.00 12
29/04/2025 16 15 348.3 A71 100030098 09/12/2025 3a. Ed. Ej.1 03/02/2013 Libro   DEWEY     Libro   Claustro Claustro 3er piso 28/02/2003 Compra 6000.00